000 00330nam a2200121Ia 4500
005 20260328101446.0
008 260328s9999||||xx |||||||||||||| ||und||
100 _aMuseo La Tertulia
245 0 _aEl Hombre y sus pensamientos a través del Arte /
_cMuseo La Tertulia
260 _bCartón de Colombia
650 _aARTE
942 _cBK
999 _c8484
_d8484